000
00405 a2200133 4500
000
nam a22 7a 4500
100
_a
चपड़ा हिरेन
110
_a
चपड़ा हिरेन
245
_a
भारत की सामाजिक समस्याए
250
_a
Latest edition
260
_b
Paradise Publishers
_c
2026
264
_b
Paradise Publishers
_c
2026
942
_c
BK
999
_c
396693
_d
396693